| 000 | 00000nas##2200000za#4500 |
| 001 | 9.509109 |
| 003 | CaOODSP |
| 005 | 20250403104744 |
| 007 | ta |
| 008 | 150406c1991||||xxc|| m #||||f| |0fre|d |
| 022 | |a0828-2897 |
| 040 | |aCaOODSP|bfre |
| 041 | |aeng |
| 041 | |afre |
| 043 | |an-cn--- |
| 086 | 1 |aCS50-002 |
| 245 | 00|aTransports terrestre et maritime |
| 260 | |aOttawa - Ontario : |bStatistique Canada |
| 310 | |aIrrégulier |
| 500 | |aEnquête trimestrielle sur les transporteurs routiers de marchandises - grands transporteurs, deuxième trimestre de 1992.--Enquête trimestrielle sur les transporteurs routiers de marchandises - tous les transporteurs, deuxième trimestre de 1992. |
| 563 | |aFeuilles mobiles |
| 710 | 2 |aStatistique Canada. |
| 776 | 0#|tSurface and marine transport |w(CaOODSP)9.500115 |
| 776 | 0#|tSurface and marine transport |w(CaOODSP)9.815990 |
| 791 | |tSurface and marine transport |eeng|w(CaOODSP)9.509108 |